[Event "CECLUB Segunda División"]
[Site "Linares"]
[Date "2017.08.09"]
[Round "2"]
[White "Montoliu Cervero, Francisco"]
[Black "Pazos Porta, Antonio"]
[Result "1/2-1/2"]
[Board "1"]
[WhiteTitle "FM"]
[WhiteElo "2384"]
[WhiteCountry "ESP"]
[WhiteFideId "2214814"]
[WhiteEloChange "-2"]
[BlackTitle "FM"]
[BlackElo "2325"]
[BlackCountry "ESP"]
[BlackFideId "2263190"]
[BlackEloChange "2"]

1. e4 {[%clk 1:30:58]} e6 {[%clk 1:24:48]} 2. d4 {[%clk 1:30:59]} d5 {[%clk
1:23:35]} 3. Nd2 {[%clk 1:30:51]} Nf6 {[%clk 1:22:48]} 4. e5 {[%clk 1:30:27]}
Nfd7 {[%clk 1:20:56]} 5. Bd3 {[%clk 1:29:26]} c5 {[%clk 1:20:58]} 6. c3 {[%clk
1:24:51]} Nc6 {[%clk 1:21:16]} 7. Ne2 {[%clk 1:22:59]} cxd4 {[%clk 1:21:03]} 8.
cxd4 {[%clk 1:23:12]} f6 {[%clk 1:20:56]} 9. exf6 {[%clk 1:22:19]} Nxf6 {[%clk
1:21:13]} 10. Nf3 {[%clk 1:22:05]} Bd6 {[%clk 1:21:27]} 11. O-O {[%clk 1:21:51]}
O-O {[%clk 1:21:00]} 12. Bf4 {[%clk 1:19:53]} Bxf4 {[%clk 1:21:10]} 13. Nxf4
{[%clk 1:20:10]} Ne4 {[%clk 1:21:28]} 14. Qc1 {[%clk 1:18:38]} Ng5 {[%clk
1:20:31]} 15. Nxg5 {[%clk 1:18:34]} Qxg5 {[%clk 1:20:52]} 16. Ne2 {[%clk
1:18:02]} Qf6 {[%clk 1:21:15]} 17. Qd2 {[%clk 1:17:37]} Bd7 {[%clk 1:18:04]} 18.
Bb5 {[%clk 1:16:49]} Rac8 {[%clk 1:18:22]} 19. Bxc6 {[%clk 1:12:04]} Rxc6 {[%clk
1:13:45]} 20. Nc3 {[%clk 0:54:17]} Rc4 {[%clk 1:07:32]} 21. Rad1 {[%clk 0:52:44]}
Rfc8 {[%clk 1:05:11]} 22. Rfe1 {[%clk 0:43:34]} b5 {[%clk 0:21:24]} 23. a3 {[%clk
0:40:54]} a5 {[%clk 0:21:18]} 24. Re5 {[%clk 0:37:45]} b4 {[%clk 0:16:10]} 25.
axb4 {[%clk 0:37:55]} Rxb4 {[%clk 0:09:06]} 26. Rde1 {[%clk 0:33:15]} Rcb8 {[%clk
0:08:17]} 27. Nd1 {[%clk 0:28:31]} Qh4 {[%clk 0:03:32]} 28. g3 {[%clk 0:14:25]}
Qxd4 {[%clk 0:03:30]} 29. Qg5 {[%clk 0:14:47]} Qb6 {[%clk 0:01:53]} 30. Qe7
{[%clk 0:14:01]} Qd8 {[%clk 0:02:01]} 31. Qd6 {[%clk 0:13:21]} R8b6 {[%clk
0:01:33]} 32. Qc5 {[%clk 0:13:49]} Rc6 {[%clk 0:01:18]} 33. Qe3 {[%clk 0:13:28]}
Rd6 {[%clk 0:00:40]} 34. Qa3 {[%clk 0:12:13]} Qb6 {[%clk 0:00:33]} 35. Qf3 {[%clk
0:11:53]} Qd8 {[%clk 0:00:39]} 36. Qa3 {[%clk 0:10:52]} Ra6 {[%clk 0:00:34]} 37.
Qd3 {[%clk 0:10:57]} Rab6 {[%clk 0:00:51]} 38. Ne3 {[%clk 0:10:16]} Rb3 {[%clk
0:01:07]} 39. Qd4 {[%clk 0:10:23]} R6b4 {[%clk 0:01:08]} 40. Qa7 {[%clk 0:07:47]}
Rxb2 {[%clk 0:01:13]} 41. Nxd5 {[%clk 0:07:06]} exd5 {[%clk 0:01:10]} 42. Re7
{[%clk 0:07:10]} Rb7 {[%clk 0:00:45]} 43. Qd4 {[%clk 0:07:32]} Qf8 {[%clk
0:00:59]} 44. Qxd5+ {[%clk 0:07:14]} Kh8 {[%clk 0:01:17]} 45. Rf7 {[%clk
0:07:36]} Qg8 {[%clk 0:00:47]} 46. Rxd7 {[%clk 0:07:24]} Rxd7 {[%clk 0:00:39]}
47. Qxd7 {[%clk 0:07:48]} Rb8 {[%clk 0:00:59]} 48. Qa4 {[%clk 0:05:34]} Ra8
{[%clk 0:00:37]} 49. Re5 {[%clk 0:05:59]} Qd8 {[%clk 0:00:43]} 50. h4 {[%clk
0:06:08]} h6 {[%clk 0:00:57]} 51. Rb5 {[%clk 0:05:48]} Qd2 {[%clk 0:00:46]} 52.
Rf5 {[%clk 0:05:33]} Qb4 {[%clk 0:00:41]} 53. Qxb4 {[%clk 0:03:37]} axb4 {[%clk
0:01:08]} 54. Rb5 {[%clk 0:04:06]} Ra1+ {[%clk 0:01:27]} 55. Kg2 {[%clk 0:04:34]}
Rb1 {[%clk 0:01:51]} 56. Rb8+ {[%clk 0:05:00]} Kh7 {[%clk 0:01:53]} 57. h5 {[%clk
0:05:16]} Rb3 {[%clk 0:01:59]} 58. f4 {[%clk 0:04:48]} Rb1 {[%clk 0:01:55]} 59.
Kf3 {[%clk 0:04:57]} Rb2 {[%clk 0:01:54]} 60. Kg4 {[%clk 0:04:35]} Rb3 {[%clk
0:02:09]} 61. Kh3 {[%clk 0:04:40]} Rb1 {[%clk 0:02:05]} 62. Kh4 {[%clk 0:04:51]}
Rb2 {[%clk 0:02:15]} 63. g4 {[%clk 0:04:22]} Rb1 {[%clk 0:01:51]} 64. Rb7 {[%clk
0:02:06]} Rh1+ {[%clk 0:01:00]} 65. Kg3 {[%clk 0:02:34]} Rb1 {[%clk 0:00:48]} 66.
g5 {[%clk 0:02:45]} hxg5 {[%clk 0:00:39]} 67. fxg5 {[%clk 0:03:13]} Kg8 {[%clk
0:00:33]} 68. g6 {[%clk 0:03:12]} Kf8 {[%clk 0:00:49]} 69. Rb8+ {[%clk 0:00:47]}
Ke7 {[%clk 0:01:18]} 70. Rb7+ {[%clk 0:01:14]} Kf6 {[%clk 0:00:45]} 71. Rf7+
{[%clk 0:00:58]} Kg5 {[%clk 0:01:12]} 72. Rxg7 {[%clk 0:01:22]} Kxh5 {[%clk
0:01:29]} 73. Rb7 {[%clk 0:00:49]} Kxg6 {[%clk 0:01:35]} 74. Kf4 {[%clk 0:01:07]}
b3 {[%clk 0:01:21]} 75. Rb6+ {[%clk 0:01:34]} Kf7 {[%clk 0:01:42]} 76. Ke3 {[%clk
0:01:59]} Rh1 {[%clk 0:01:34]} 77. Kd4 {[%clk 0:01:56]} Rb1 {[%clk 0:01:36]} 78.
Kc3 {[%clk 0:02:24]} Rc1+ {[%clk 0:01:54]} 79. Kb2 {[%clk 0:02:52]} Rd1 {[%clk
0:02:06]} 1/2-1/2

[Event "CECLUB Segunda División"]
[Site "Linares"]
[Date "2017.08.09"]
[Round "2"]
[White "Rey Malde, Henrique"]
[Black "Silva Rodriguez, Julio Jose"]
[Result "0-1"]
[Board "2"]
[WhiteElo "2184"]
[WhiteCountry "ESP"]
[WhiteFideId "2244969"]
[WhiteEloChange "-6"]
[BlackElo "2330"]
[BlackCountry "ESP"]
[BlackFideId "2215284"]
[BlackEloChange "6"]

1. e4 {[%clk 1:25:32]} e6 {[%clk 1:30:49]} 2. d4 {[%clk 1:25:46]} d5 {[%clk
1:31:11]} 3. Nc3 {[%clk 1:26:06]} Be7 {[%clk 1:31:20]} 4. Bd3 {[%clk 1:21:45]}
Nc6 {[%clk 1:30:36]} 5. Nf3 {[%clk 1:17:32]} Nb4 {[%clk 1:30:21]} 6. O-O {[%clk
1:14:57]} Nf6 {[%clk 1:26:30]} 7. Re1 {[%clk 1:09:53]} O-O {[%clk 1:25:37]} 8.
exd5 {[%clk 0:51:43]} Nxd3 {[%clk 1:17:20]} 9. Qxd3 {[%clk 0:52:05]} exd5 {[%clk
1:17:18]} 10. Bg5 {[%clk 0:50:21]} h6 {[%clk 1:16:24]} 11. Rxe7 {[%clk 0:41:09]}
hxg5 {[%clk 1:13:10]} 12. Nxg5 {[%clk 0:35:07]} c6 {[%clk 0:55:05]} 13. Rae1
{[%clk 0:29:22]} Rb8 {[%clk 0:55:01]} 14. Qg3 {[%clk 0:22:16]} Bf5 {[%clk
0:50:47]} 15. Qe5 {[%clk 0:15:44]} Bxc2 {[%clk 0:47:27]} 16. Ne2 {[%clk 0:13:04]}
Re8 {[%clk 0:42:34]} 17. Nf4 {[%clk 0:11:01]} Rxe7 {[%clk 0:42:21]} 18. Qxe7
{[%clk 0:11:24]} Qxe7 {[%clk 0:42:44]} 19. Rxe7 {[%clk 0:11:48]} Re8 {[%clk
0:43:09]} 20. Rxe8+ {[%clk 0:10:06]} Nxe8 {[%clk 0:43:28]} 21. Kf1 {[%clk
0:07:51]} Nd6 {[%clk 0:43:32]} 22. Ke2 {[%clk 0:07:24]} Nf5 {[%clk 0:41:13]} 23.
Nf3 {[%clk 0:05:56]} Be4 {[%clk 0:41:08]} 24. Nd3 {[%clk 0:01:10]} Bxf3+ {[%clk
0:41:27]} 25. Kxf3 {[%clk 0:01:36]} Nxd4+ {[%clk 0:41:45]} 26. Kf4 {[%clk
0:01:09]} f6 {[%clk 0:41:37]} 27. h4 {[%clk 0:01:03]} Kf7 {[%clk 0:41:39]} 28. a4
{[%clk 0:00:52]} Ne6+ {[%clk 0:41:41]} 29. Ke3 {[%clk 0:01:09]} Ke7 {[%clk
0:38:03]} 30. f4 {[%clk 0:01:19]} c5 {[%clk 0:35:54]} 31. f5 {[%clk 0:01:20]} Nd4
{[%clk 0:34:14]} 32. g4 {[%clk 0:01:41]} Kd6 {[%clk 0:33:37]} 33. Nf4 {[%clk
0:01:52]} Nc6 {[%clk 0:29:47]} 34. Nh5 {[%clk 0:01:19]} Ne5 {[%clk 0:29:58]} 35.
Kf4 {[%clk 0:01:06]} Nd3+ {[%clk 0:25:20]} 36. Kf3 {[%clk 0:00:39]} Ne5+ {[%clk
0:21:15]} 37. Kf4 {[%clk 0:01:00]} d4 {[%clk 0:15:29]} 38. Nxg7 {[%clk 0:01:18]}
c4 {[%clk 0:14:15]} 39. g5 {[%clk 0:00:58]} Kd5 {[%clk 0:04:57]} 40. Ne8 {[%clk
0:01:05]} Nd3+ {[%clk 0:04:35]} 41. Kf3 {[%clk 0:01:30]} c3 {[%clk 0:04:34]} 42.
bxc3 {[%clk 0:01:23]} dxc3 {[%clk 0:05:02]} 43. g6 {[%clk 0:00:55]} c2 {[%clk
0:04:51]} 44. g7 {[%clk 0:01:01]} Ne5+ {[%clk 0:05:08]} 45. Ke2 {[%clk 0:01:02]}
c1Q {[%clk 0:05:11]} 46. g8Q+ {[%clk 0:00:48]} Kd4 {[%clk 0:05:33]} 47. Qb3
{[%clk 0:00:40]} Qc6 {[%clk 0:05:16]} 48. Qe3+ {[%clk 0:00:37]} Kd5 {[%clk
0:05:34]} 49. Qd2+ {[%clk 0:00:52]} Kc5 {[%clk 0:05:10]} 50. Qc3+ {[%clk
0:01:04]} Nc4 {[%clk 0:05:08]} 51. Nxf6 {[%clk 0:01:01]} Qg2+ {[%clk 0:05:14]}
52. Ke1 {[%clk 0:01:11]} Qh1+ {[%clk 0:05:25]} 53. Ke2 {[%clk 0:01:27]} Qh2+
{[%clk 0:05:29]} 54. Kd3 {[%clk 0:01:07]} Qh3+ {[%clk 0:05:33]} 55. Kc2 {[%clk
0:01:30]} Qxf5+ {[%clk 0:05:53]} 56. Kd1 {[%clk 0:01:34]} Qf1+ {[%clk 0:06:03]}
57. Kc2 {[%clk 0:01:48]} Qf5+ {[%clk 0:04:13]} 58. Kd1 {[%clk 0:01:54]} a6 {[%clk
0:03:03]} 59. h5 {[%clk 0:01:54]} b5 {[%clk 0:03:25]} 60. axb5 {[%clk 0:01:56]}
axb5 {[%clk 0:03:53]} 61. Ke2 {[%clk 0:00:34]} b4 {[%clk 0:03:22]} 62. Qf3 {[%clk
0:01:00]} Qc2+ {[%clk 0:03:40]} 63. Ke1 {[%clk 0:01:19]} Qc1+ {[%clk 0:03:18]}
64. Ke2 {[%clk 0:01:32]} Qb2+ {[%clk 0:03:20]} 65. Ke1 {[%clk 0:01:42]} Qe5+
{[%clk 0:02:38]} 66. Ne4+ {[%clk 0:01:06]} Kd4 {[%clk 0:01:28]} 67. h6 {[%clk
0:01:12]} Nd6 {[%clk 0:01:32]} 68. Qf6 {[%clk 0:00:35]} Kxe4 {[%clk 0:01:38]} 69.
Qh4+ {[%clk 0:00:34]} Kd3+ {[%clk 0:01:01]} 70. Kf1 {[%clk 0:00:56]} b3 {[%clk
0:00:53]} 71. h7 {[%clk 0:00:46]} Qe2+ {[%clk 0:01:01]} 72. Kg1 {[%clk 0:01:09]}
Qe3+ {[%clk 0:01:19]} 73. Kg2 {[%clk 0:01:28]} Qe2+ {[%clk 0:01:29]} 74. Kh3
{[%clk 0:01:22]} Nf7 {[%clk 0:01:01]} 75. h8Q {[%clk 0:00:42]} Nxh8 {[%clk
0:01:24]} 76. Qxh8 {[%clk 0:01:07]} b2 {[%clk 0:01:19]} 77. Qh7+ {[%clk 0:00:54]}
Kd2 {[%clk 0:01:40]} 78. Qb1 {[%clk 0:00:32]} Qd3+ {[%clk 0:02:04]} 0-1

[Event "CECLUB Segunda División"]
[Site "Linares"]
[Date "2017.08.09"]
[Round "2"]
[White "Nieves Cabanes, Jose Manuel"]
[Black "Mejuto De Ulloa, Jorge"]
[Result "0-1"]
[Board "3"]
[WhiteTitle "FM"]
[WhiteElo "2309"]
[WhiteCountry "ESP"]
[WhiteFideId "22245715"]
[WhiteEloChange "-15"]
[BlackElo "2132"]
[BlackCountry "ESP"]
[BlackFideId "2288370"]
[BlackEloChange "15"]

1. Nf3 {[%clk 1:30:57]} c5 {[%clk 1:22:09]} 2. c4 {[%clk 1:30:33]} Nc6 {[%clk
1:20:07]} 3. g3 {[%clk 1:28:51]} g6 {[%clk 1:18:13]} 4. Bg2 {[%clk 1:27:34]} Bg7
{[%clk 1:18:24]} 5. O-O {[%clk 1:27:59]} d6 {[%clk 1:18:05]} 6. Nc3 {[%clk
1:27:40]} e5 {[%clk 1:18:12]} 7. d3 {[%clk 1:25:37]} Nge7 {[%clk 1:18:09]} 8. Ne1
{[%clk 1:23:03]} O-O {[%clk 1:18:24]} 9. Nc2 {[%clk 1:23:01]} f5 {[%clk 1:17:57]}
10. Ne3 {[%clk 1:22:03]} h6 {[%clk 1:08:58]} 11. Ned5 {[%clk 1:19:51]} g5 {[%clk
1:07:17]} 12. f4 {[%clk 1:18:02]} exf4 {[%clk 1:04:39]} 13. gxf4 {[%clk 1:17:51]}
g4 {[%clk 1:04:49]} 14. Be3 {[%clk 1:09:55]} h5 {[%clk 1:03:27]} 15. Bf2 {[%clk
1:08:30]} Ng6 {[%clk 1:00:16]} 16. Rb1 {[%clk 1:02:35]} Kh8 {[%clk 0:52:30]} 17.
a3 {[%clk 0:59:55]} Rb8 {[%clk 0:50:05]} 18. b4 {[%clk 0:50:34]} b6 {[%clk
0:49:48]} 19. b5 {[%clk 0:44:52]} Nd4 {[%clk 0:42:12]} 20. e3 {[%clk 0:44:22]}
Ne6 {[%clk 0:42:40]} 21. Qe1 {[%clk 0:42:37]} Re8 {[%clk 0:39:10]} 22. Ne2 {[%clk
0:41:21]} Nc7 {[%clk 0:35:39]} 23. e4 {[%clk 0:36:31]} Nxd5 {[%clk 0:35:08]} 24.
cxd5 {[%clk 0:36:31]} Qf6 {[%clk 0:28:50]} 25. Qd2 {[%clk 0:33:56]} h4 {[%clk
0:29:01]} 26. Rbc1 {[%clk 0:26:13]} Rb7 {[%clk 0:28:23]} 27. Rc4 {[%clk 0:24:46]}
Rbe7 {[%clk 0:28:48]} 28. Rfc1 {[%clk 0:23:13]} Bb7 {[%clk 0:21:28]} 29. Re1
{[%clk 0:18:37]} Bh6 {[%clk 0:21:04]} 30. Ra4 {[%clk 0:16:29]} fxe4 {[%clk
0:19:02]} 31. dxe4 {[%clk 0:15:18]} Nxf4 {[%clk 0:19:12]} 32. Nxf4 {[%clk
0:14:58]} Bxf4 {[%clk 0:19:38]} 33. Qe2 {[%clk 0:14:01]} Rg8 {[%clk 0:17:37]} 34.
Rxa7 {[%clk 0:12:36]} Bxh2+ {[%clk 0:13:33]} 35. Kxh2 {[%clk 0:12:10]} g3+ {[%clk
0:13:54]} 36. Kg1 {[%clk 0:09:41]} h3 {[%clk 0:14:19]} 37. Be3 {[%clk 0:08:14]}
hxg2 {[%clk 0:13:42]} 38. Bc1 {[%clk 0:04:38]} Qf2+ {[%clk 0:13:15]} 39. Qxf2
{[%clk 0:05:00]} gxf2+ {[%clk 0:13:43]} 40. Kxf2 {[%clk 0:05:15]} g1Q+ {[%clk
0:14:11]} 41. Rxg1 {[%clk 0:05:22]} Rf7+ {[%clk 0:14:40]} 42. Bf4 {[%clk
0:03:46]} Rxf4+ {[%clk 0:14:54]} 43. Ke3 {[%clk 0:04:12]} Rxg1 {[%clk 0:15:09]}
44. Kxf4 {[%clk 0:04:36]} Rf1+ {[%clk 0:15:23]} 45. Ke3 {[%clk 0:03:20]} Rf7
{[%clk 0:15:49]} 46. a4 {[%clk 0:03:17]} Kg7 {[%clk 0:11:43]} 47. a5 {[%clk
0:03:23]} bxa5 {[%clk 0:12:09]} 48. b6 {[%clk 0:03:24]} Kf6 {[%clk 0:11:46]} 49.
Kf4 {[%clk 0:02:52]} Rh7 {[%clk 0:11:24]} 50. Rxa5 {[%clk 0:02:21]} Rh4+ {[%clk
0:11:46]} 51. Kf3 {[%clk 0:02:33]} Ke5 {[%clk 0:11:57]} 52. Ra7 {[%clk 0:02:45]}
Rf4+ {[%clk 0:12:14]} 53. Kg3 {[%clk 0:02:44]} Rf7 {[%clk 0:12:34]} 54. Ra4
{[%clk 0:02:57]} Bxd5 {[%clk 0:11:53]} 55. exd5 {[%clk 0:03:14]} Kxd5 {[%clk
0:12:21]} 56. Ra7 {[%clk 0:03:14]} Rf8 {[%clk 0:12:50]} 57. Rc7 {[%clk 0:02:37]}
Rf1 {[%clk 0:12:58]} 58. b7 {[%clk 0:02:30]} Rb1 {[%clk 0:13:26]} 59. Kf4 {[%clk
0:02:44]} c4 {[%clk 0:13:15]} 60. Ke3 {[%clk 0:02:44]} Rb3+ {[%clk 0:13:41]} 61.
Kd2 {[%clk 0:02:48]} Kd4 {[%clk 0:14:09]} 62. Rh7 {[%clk 0:02:26]} d5 {[%clk
0:13:45]} 63. Kc2 {[%clk 0:02:15]} Kc5 {[%clk 0:13:58]} 64. Rc7+ {[%clk 0:02:20]}
Kd6 {[%clk 0:14:22]} 65. Rh7 {[%clk 0:02:33]} Kc6 {[%clk 0:14:48]} 66. Rh6+
{[%clk 0:01:51]} Kxb7 {[%clk 0:15:12]} 67. Rd6 {[%clk 0:02:15]} Rb5 {[%clk
0:15:32]} 68. Kc3 {[%clk 0:02:27]} Kc7 {[%clk 0:15:52]} 69. Rh6 {[%clk 0:02:35]}
Rb3+ {[%clk 0:16:17]} 70. Kd4 {[%clk 0:03:00]} Rd3+ {[%clk 0:16:44]} 71. Kc5
{[%clk 0:03:23]} Kd7 {[%clk 0:16:43]} 72. Rd6+ {[%clk 0:01:31]} Ke7 {[%clk
0:17:12]} 73. Rc6 {[%clk 0:01:35]} c3 {[%clk 0:17:23]} 74. Kb4 {[%clk 0:01:43]}
d4 {[%clk 0:17:52]} 75. Kc4 {[%clk 0:01:48]} Rd2 {[%clk 0:18:14]} 76. Kb3 {[%clk
0:01:54]} Kd7 {[%clk 0:18:08]} 77. Rc5 {[%clk 0:01:59]} Kd6 {[%clk 0:18:36]} 78.
Rc8 {[%clk 0:02:22]} Kd5 {[%clk 0:18:59]} 79. Re8 {[%clk 0:02:23]} Rb2+ {[%clk
0:19:12]} 80. Ka3 {[%clk 0:02:48]} Rb7 {[%clk 0:19:34]} 81. Rh8 {[%clk 0:02:56]}
c2 {[%clk 0:19:33]} 82. Rc8 {[%clk 0:03:03]} d3 {[%clk 0:19:59]} 83. Rc3 {[%clk
0:02:49]} d2 {[%clk 0:19:47]} 84. Rd3+ {[%clk 0:02:26]} Ke4 {[%clk 0:20:06]} 0-1

[Event "CECLUB Segunda División"]
[Site "Linares"]
[Date "2017.08.09"]
[Round "2"]
[White "Millan Soto, Miguel"]
[Black "Nieves Cabanes, Javier"]
[Result "1/2-1/2"]
[Board "4"]
[WhiteElo "2083"]
[WhiteCountry "ESP"]
[WhiteFideId "2292351"]
[WhiteEloChange "3"]
[BlackElo "2203"]
[BlackCountry "ESP"]
[BlackFideId "22245707"]
[BlackEloChange "-3"]

1. e4 {[%clk 1:26:13]} e6 {[%clk 1:30:44]} 2. d4 {[%clk 1:26:03]} d5 {[%clk
1:31:03]} 3. exd5 {[%clk 1:25:01]} exd5 {[%clk 1:31:03]} 4. Bd3 {[%clk 1:24:53]}
Nc6 {[%clk 1:30:26]} 5. c3 {[%clk 1:24:12]} Bd6 {[%clk 1:29:22]} 6. Qh5 {[%clk
1:08:39]} Be6 {[%clk 1:09:44]} 7. h3 {[%clk 0:51:07]} Nce7 {[%clk 1:01:13]} 8.
Ne2 {[%clk 0:38:07]} Nf6 {[%clk 0:54:18]} 9. Qf3 {[%clk 0:35:40]} Ng6 {[%clk
0:53:04]} 10. Bg5 {[%clk 0:35:26]} h6 {[%clk 0:49:13]} 11. Bxf6 {[%clk 0:33:51]}
Qxf6 {[%clk 0:49:38]} 12. Qxf6 {[%clk 0:33:52]} gxf6 {[%clk 0:50:03]} 13. g3
{[%clk 0:22:42]} h5 {[%clk 0:44:17]} 14. h4 {[%clk 0:20:28]} f5 {[%clk 0:44:27]}
15. f4 {[%clk 0:20:01]} Nf8 {[%clk 0:40:30]} 16. Nd2 {[%clk 0:17:12]} Nd7 {[%clk
0:39:48]} 17. Nf1 {[%clk 0:13:08]} Nf6 {[%clk 0:39:26]} 18. Ne3 {[%clk 0:11:36]}
Ne4 {[%clk 0:38:11]} 19. Bxe4 {[%clk 0:11:22]} fxe4 {[%clk 0:34:37]} 20. f5
{[%clk 0:11:40]} Bd7 {[%clk 0:33:16]} 21. Nxd5 {[%clk 0:11:01]} Bxf5 {[%clk
0:32:38]} 22. O-O {[%clk 0:11:03]} Bg6 {[%clk 0:22:35]} 23. Nef4 {[%clk 0:09:32]}
O-O-O {[%clk 0:16:52]} 24. Nf6 {[%clk 0:09:10]} e3 {[%clk 0:08:36]} 25. Nxg6
{[%clk 0:07:41]} fxg6 {[%clk 0:08:59]} 26. Ne4 {[%clk 0:08:02]} Rhe8 {[%clk
0:07:23]} 27. Nxd6+ {[%clk 0:07:14]} Rxd6 {[%clk 0:07:51]} 28. Rae1 {[%clk
0:05:29]} c5 {[%clk 0:06:53]} 29. Rf3 {[%clk 0:03:07]} cxd4 {[%clk 0:04:43]} 30.
cxd4 {[%clk 0:03:30]} Rxd4 {[%clk 0:04:53]} 31. Rfxe3 {[%clk 0:03:45]} Rxe3
{[%clk 0:05:19]} 32. Rxe3 {[%clk 0:04:10]} Rd2 {[%clk 0:04:57]} 33. Rb3 {[%clk
0:02:40]} Kc7 {[%clk 0:04:12]} 34. Rb5 {[%clk 0:01:20]} b6 {[%clk 0:02:35]} 35.
a4 {[%clk 0:01:08]} Kc6 {[%clk 0:01:18]} 36. Rg5 {[%clk 0:01:29]} Rd6 {[%clk
0:01:28]} 37. Kf2 {[%clk 0:01:08]} Kd7 {[%clk 0:01:37]} 38. Ke3 {[%clk 0:01:16]}
Ke7 {[%clk 0:01:42]} 39. b4 {[%clk 0:00:57]} Kf6 {[%clk 0:01:50]} 40. a5 {[%clk
0:01:07]} bxa5 {[%clk 0:01:31]} 41. bxa5 {[%clk 0:00:56]} Kf7 {[%clk 0:01:02]}
42. Kf4 {[%clk 0:00:44]} Kf6 {[%clk 0:01:07]} 43. Ke4 {[%clk 0:01:03]} Rd7 {[%clk
0:00:42]} 44. Rd5 {[%clk 0:01:05]} Rc7 {[%clk 0:00:41]} 45. Rd6+ {[%clk 0:01:03]}
Kf7 {[%clk 0:01:03]} 46. Kd4 {[%clk 0:01:05]} Kg7 {[%clk 0:01:00]} 47. Ra6 {[%clk
0:00:56]} Kf7 {[%clk 0:01:00]} 48. Ke5 {[%clk 0:00:39]} Rd7 {[%clk 0:01:04]} 49.
Rf6+ {[%clk 0:00:43]} Kg7 {[%clk 0:01:26]} 50. Rc6 {[%clk 0:00:50]} Kf7 {[%clk
0:01:11]} 51. a6 {[%clk 0:01:06]} Kg7 {[%clk 0:01:09]} 52. Ke6 {[%clk 0:01:08]}
Rf7 {[%clk 0:01:13]} 53. Kd6 {[%clk 0:01:25]} Kf6 {[%clk 0:00:40]} 54. Rc7 {[%clk
0:01:44]} Rxc7 {[%clk 0:01:00]} 55. Kxc7 {[%clk 0:01:40]} Ke6 {[%clk 0:01:05]}
56. Kc6 {[%clk 0:01:25]} Ke7 {[%clk 0:00:52]} 57. Kd5 {[%clk 0:00:55]} Kf6 {[%clk
0:00:52]} 58. Kd6 {[%clk 0:01:02]} Kf7 {[%clk 0:00:45]} 59. Ke5 {[%clk 0:00:37]}
Ke7 {[%clk 0:01:01]} 60. Kf4 {[%clk 0:00:49]} Kf6 {[%clk 0:00:55]} 61. g4 {[%clk
0:01:00]} hxg4 {[%clk 0:01:04]} 62. Kxg4 {[%clk 0:01:26]} Kf7 {[%clk 0:01:21]}
63. Kf3 {[%clk 0:01:11]} Ke7 {[%clk 0:01:27]} 64. Kg4 {[%clk 0:01:09]} Kf7 {[%clk
0:01:44]} 65. Kf3 {[%clk 0:00:53]} 1/2-1/2

[Event "CECLUB Segunda División"]
[Site "Linares"]
[Date "2017.08.09"]
[Round "2"]
[White "Cifuentes Parada, Roberto"]
[Black "Ladron De Guevara Pinto, Paolo"]
[Result "1-0"]
[Board "1"]
[WhiteTitle "GM"]
[WhiteElo "2474"]
[WhiteCountry "ESP"]
[WhiteFideId "2253488"]
[WhiteEloChange "4"]
[BlackTitle "FM"]
[BlackElo "2414"]
[BlackCountry "ESP"]
[BlackFideId "2290847"]
[BlackEloChange "-4"]

1. d4 {[%clk 1:30:30]} d5 {[%clk 1:30:39]} 2. Nf3 {[%clk 1:30:56]} e6 {[%clk
1:30:53]} 3. e3 {[%clk 1:30:35]} Nf6 {[%clk 1:30:43]} 4. Bd3 {[%clk 1:28:32]} c5
{[%clk 1:29:05]} 5. b3 {[%clk 1:28:35]} Nc6 {[%clk 1:28:36]} 6. Bb2 {[%clk
1:28:10]} Be7 {[%clk 1:25:55]} 7. Nbd2 {[%clk 1:28:18]} O-O {[%clk 1:25:12]} 8.
O-O {[%clk 1:28:39]} b6 {[%clk 1:22:58]} 9. Ne5 {[%clk 1:28:52]} Bb7 {[%clk
1:21:30]} 10. f4 {[%clk 1:28:39]} Rc8 {[%clk 1:18:57]} 11. c3 {[%clk 1:26:07]} g6
{[%clk 1:10:55]} 12. Qe2 {[%clk 1:26:07]} Rc7 {[%clk 1:11:13]} 13. Rad1 {[%clk
1:19:30]} Qa8 {[%clk 1:08:21]} 14. g4 {[%clk 1:13:20]} Ne4 {[%clk 0:56:31]} 15.
f5 {[%clk 1:00:36]} cxd4 {[%clk 0:40:26]} 16. Nxc6 {[%clk 0:56:39]} Bxc6 {[%clk
0:40:17]} 17. exd4 {[%clk 0:55:26]} Nxd2 {[%clk 0:38:28]} 18. Qxd2 {[%clk
0:53:46]} exf5 {[%clk 0:38:48]} 19. gxf5 {[%clk 0:54:00]} Qd8 {[%clk 0:39:12]}
20. Qg2 {[%clk 0:52:21]} Bf6 {[%clk 0:35:43]} 21. Bc1 {[%clk 0:52:07]} Bb7 {[%clk
0:34:06]} 22. Bd2 {[%clk 0:49:39]} Rc6 {[%clk 0:24:44]} 23. Rf3 {[%clk 0:47:03]}
a6 {[%clk 0:23:04]} 24. Rdf1 {[%clk 0:46:06]} Bg7 {[%clk 0:16:42]} 25. Kh1 {[%clk
0:42:32]} Bc8 {[%clk 0:16:00]} 26. Qf2 {[%clk 0:38:44]} gxf5 {[%clk 0:13:09]} 27.
Bxf5 {[%clk 0:38:06]} Bxf5 {[%clk 0:13:32]} 28. Rxf5 {[%clk 0:38:32]} Qd7 {[%clk
0:12:57]} 29. Qg2 {[%clk 0:36:38]} Rd8 {[%clk 0:13:23]} 30. Bg5 {[%clk 0:36:11]}
Rg6 {[%clk 0:12:31]} 31. Qf3 {[%clk 0:36:02]} Re8 {[%clk 0:10:25]} 32. Rxf7
{[%clk 0:33:14]} Qe6 {[%clk 0:10:46]} 33. Rf5 {[%clk 0:33:00]} Qe4 {[%clk
0:11:10]} 34. Qxe4 {[%clk 0:32:27]} Rxe4 {[%clk 0:07:54]} 35. Bf4 {[%clk
0:31:11]} b5 {[%clk 0:07:18]} 36. Rxd5 {[%clk 0:24:57]} Rf6 {[%clk 0:07:27]} 37.
Rd8+ {[%clk 0:25:22]} Bf8 {[%clk 0:05:16]} 38. Rg1+ {[%clk 0:25:13]} Kf7 {[%clk
0:05:43]} 39. Be5 {[%clk 0:24:53]} Rf2 {[%clk 0:05:30]} 40. Bg3 {[%clk 0:22:21]}
Rf3 {[%clk 0:05:12]} 41. Kg2 {[%clk 0:21:42]} Rf6 {[%clk 0:05:26]} 42. Rd7+
{[%clk 0:20:04]} Be7 {[%clk 0:05:50]} 43. Re1 {[%clk 0:20:14]} Rxe1 {[%clk
0:06:10]} 44. Bxe1 {[%clk 0:20:43]} Ke8 {[%clk 0:06:19]} 45. Rxe7+ {[%clk
0:21:05]} 1-0